Physics : (Record no. 289010)
[ view plain ]
| 000 -LEADER | |
|---|---|
| fixed length control field | 00513nam a22001577a 4500 |
| 003 - CONTROL NUMBER IDENTIFIER | |
| control field | LC |
| 005 - DATE AND TIME OF LATEST TRANSACTION | |
| control field | 20151203145214.0 |
| 008 - FIXED-LENGTH DATA ELEMENTS--GENERAL INFORMATION | |
| fixed length control field | 151203b xxu||||| |||| 00| 0 eng d |
| 020 ## - INTERNATIONAL STANDARD BOOK NUMBER | |
| International Standard Book Number | 9780435994266 |
| 050 ## - LIBRARY OF CONGRESS CALL NUMBER | |
| Classification number | QC 32 .H229 2009 |
| 100 ## - MAIN ENTRY--PERSONAL NAME | |
| Personal name | Hamper, Chris |
| 245 ## - TITLE STATEMENT | |
| Title | Physics : |
| Remainder of title | standard level : developed specially for the IB diploma |
| Statement of responsibility, etc | Chris Hamper., Keith Ord |
| 260 ## - PUBLICATION, DISTRIBUTION, ETC. (IMPRINT) | |
| Place of publication, distribution, etc | United Kingdom |
| Name of publisher, distributor, etc | Heinemann International Baccalaureate |
| Date of publication, distribution, etc | 2009 |
| 300 ## - PHYSICAL DESCRIPTION | |
| Extent | 448 pages., |
| Other physical details | col.,ill.; |
| Dimensions | 26 cm. |
| 942 ## - ADDED ENTRY ELEMENTS (KOHA) | |
| Source of classification or shelving scheme | Library of Congress Classification |
| Koha item type | Books |
| Withdrawn status | Lost status | Source of classification or shelving scheme | Damaged status | Home library | Current library | Shelving location | Date acquired | Source of acquisition | Sub Shelving location | Total Checkouts | Total Renewals | Full call number | Barcode | Date last seen | Date checked out | Price effective from | Koha item type |
|---|---|---|---|---|---|---|---|---|---|---|---|---|---|---|---|---|---|
| Library of Congress Classification | Luxembourg Library | Luxembourg Library | International Baccalaureate Section | 12/03/2015 | Library Fund | 2 | 1 | QC 32 .H229 2009 | 17446 | 10/18/2024 | 09/24/2024 | 12/03/2015 | Books |